[Event "Turkey Cup 2019"]
[Site "Belek"]
[Date "2019.01.29"]
[Round "4.21"]
[White "Sakalli, Mustafa"]
[Black "Iyiol, Mehmet"]
[Result "1-0"]
[WhiteElo "1955"]
[BlackElo "1892"]
[Annotator "NA"]
[PlyCount "155"]
[EventDate "2019.01.27"]
[EventType "swiss"]
[EventCountry "TUR"]
[SourceTitle "playchess.com"]
[Source "ChessBase"]
[SourceQuality "1"]

1. Nf3 Nf6 2. c4 g6 3. Nc3 Bg7 4. e4 d6 5. d4 O-O 6. h3 e5 7. d5 a5 8. Be2 Na6 9. Be3 Nd7 10. g4 Ndc5 11. Qd2 Bd7 12. Bg5 Qe8 13. Bh6 Nb4 14. Bxg7 Kxg7 15. Kf1 Qe7 16. Rg1 h6 17. Rd1 Kh7 18. a3 Nb3 19. Qe3 Nc2 20. Qd3 Ncd4 21. Nxd4 Nxd4 22. Qg3 c5 23. Bd3 a4 24. Re1 Ra6 25. f4 f6 26. f5 g5 27. Rg2 Rb6 28. Re3 Kg7 29. h4 Qd8 30. Rh2 Rh8 31. Qf2 Rb3 32. Reh3 b5 33. hxg5 fxg5 34. cxb5 Nxb5 35. Bxb5 Bxb5+ 36. Ke1 Bd7 37. Qd2 Qf6 38. Qe2 Qd8 39. Kd1 Qb6 40. Qd2 Qd8 41. Kc1 Qf6 42. Qd1 Qd8 43. Qh1 Qf6 44. Qf1 Rb6 45. Qc4 Ra8 46. Qe2 Rh8 47. Qd1 Rb3 48. Nxa4 Rxh3 49. Rxh3 Rb8 50. Nc3 Qd8 51. Rh2 Bb5 52. Qf3 Qf6 53. Ne2 Bxe2 54. Qxe2 Qd8 55. Qf1 Qf6 56. Qa6 Rf8 57. Qb7+ Rf7 58. Qc8 Re7 59. Kb1 Kh7 60. Kc1 Kg7 61. Kd1 Kh7 62. Ke1 Kg7 63. Kf1 Kh7 64. Qd8 Kg7 65. Qc8 Kh7 66. b4 cxb4 67. axb4 Ra7 68. Rc2 h5 69. gxh5 g4 70. Qe6 Qg5 71. Qg6+ Qxg6 72. hxg6+ Kh6 73. b5 Ra1+ 74. Kg2 Rb1 75. Kg3 Rxb5 76. Kxg4 Rb4 77. Rh2+ Kg7 78. Kg5 1-0

[Event "Turkey Cup 2019"]
[Site "Belek"]
[Date "2019.01.29"]
[Round "4.22"]
[White "Buke, Furkan"]
[Black "Demir, Zeki"]
[Result "1-0"]
[WhiteElo "2044"]
[BlackElo "1805"]
[Annotator "NA"]
[PlyCount "91"]
[EventDate "2019.01.27"]
[EventType "swiss"]
[EventCountry "TUR"]
[SourceTitle "playchess.com"]
[Source "ChessBase"]
[SourceQuality "1"]

1. e4 e6 2. d4 d5 3. Nd2 Nf6 4. e5 Nfd7 5. Bd3 c5 6. c3 Nc6 7. Ndf3 cxd4 8. cxd4 f6 9. exf6 Nxf6 10. Nh3 Bb4+ 11. Bd2 Qa5 12. a3 Bxd2+ 13. Qxd2 Qxd2+ 14. Kxd2 O-O 15. Rhe1 e5 16. dxe5 Ne4+ 17. Ke3 Bf5 18. Nf4 d4+ 19. Nxd4 Nxd4 20. Kxd4 Nxf2 21. Bxf5 Rxf5 22. g3 Rd8+ 23. Kc4 g5 24. Ne6 b5+ 25. Kxb5 Rb8+ 26. Kc4 Rxb2 27. Nd4 Rf8 28. e6 Ng4 29. h3 Nf6 30. Rf1 Rc8+ 31. Kd3 Ne8 32. Rf5 h6 33. Raf1 Nd6 34. Rd5 Rb6 35. e7 Re8 36. Rf6 Nf7 37. Rxb6 axb6 38. Nc6 Nh8 39. Kc4 Ng6 40. Kb5 Kf7 41. Rd8 h5 42. Kxb6 h4 43. gxh4 gxh4 44. a4 Nf4 45. a5 Nxh3 46. a6 1-0

[Event "Turkey Cup 2019"]
[Site "Belek"]
[Date "2019.01.29"]
[Round "4.23"]
[White "Sahin, Handenur"]
[Black "Aslan, Dogukan"]
[Result "1/2-1/2"]
[WhiteElo "1998"]
[BlackElo "1709"]
[Annotator "NA"]
[PlyCount "104"]
[EventDate "2019.01.27"]
[EventType "swiss"]
[EventCountry "TUR"]
[SourceTitle "playchess.com"]
[Source "ChessBase"]
[SourceQuality "1"]

1. e4 c5 2. c3 g6 3. d4 cxd4 4. cxd4 d5 5. exd5 Nf6 6. Nc3 Nxd5 7. Qb3 Nb6 8. d5 Bg7 9. Be3 O-O 10. Rd1 Na6 11. Nf3 Qd6 12. Be2 Bd7 13. O-O Nc5 14. Qc2 Rac8 15. Qd2 Nba4 16. Bf4 Qb6 17. Ne5 Qxb2 18. Nxd7 Bxc3 19. Qxb2 Nxb2 20. Nxf8 Nxd1 21. Nxg6 hxg6 22. Rxd1 Ne4 23. Bf3 Nd6 24. g3 b5 25. Bg4 f5 26. Be2 Rb8 27. Rd3 b4 28. Re3 Kf7 29. Re6 Rb6 30. Be3 Rb7 31. Ba6 Rd7 32. Bf4 Ne4 33. Rc6 Bd4 34. Bc8 Rd8 35. Be6+ Kg7 36. Rc4 Bxf2+ 37. Kg2 Bc5 38. Be5+ Kh6 39. Bf4+ Kg7 40. g4 Bd6 41. Be3 Nf6 42. gxf5 gxf5 43. Bxf5 a5 44. Bd4 a4 45. Bc2 Rh8 46. h4 Rh5 47. Bxa4 Rxd5 48. Bb3 Rf5 49. Rc8 Rf4 50. Bf2 Rg4+ 51. Kf3 Rf4+ 52. Kg2 Rg4+ 1/2-1/2

[Event "Turkey Cup 2019"]
[Site "Belek"]
[Date "2019.01.29"]
[Round "4.24"]
[White "Koksal, Ege"]
[Black "Baylav, Bartu"]
[Result "1-0"]
[WhiteElo "2360"]
[BlackElo "1784"]
[Annotator "NA"]
[PlyCount "114"]
[EventDate "2019.01.27"]
[EventType "swiss"]
[EventCountry "TUR"]
[SourceTitle "playchess.com"]
[Source "ChessBase"]
[SourceQuality "1"]

1. d4 c6 2. Nf3 d5 3. c4 e6 4. Qc2 f5 5. g3 Nf6 6. Bg2 Bd6 7. O-O O-O 8. b3 Qe7 9. a4 a5 10. Ba3 Bxa3 11. Nxa3 Na6 12. Qb2 Nb4 13. Nc2 Nxc2 14. Qxc2 Bd7 15. Ne5 Be8 16. e3 Nd7 17. Nd3 g5 18. Rfb1 Bg6 19. f4 g4 20. c5 Rfb8 21. b4 axb4 22. Rxb4 Qd8 23. Rab1 Qc7 24. h3 h5 25. Nf2 Kg7 26. Nd3 Kf6 27. Kf2 Ra7 28. Rh1 Qa5 29. Qb2 Qc7 30. Bf1 Rba8 31. Be2 Rb8 32. Bd1 Kg7 33. Bc2 Rh8 34. Qb1 Rb8 35. Kg2 Ra6 36. Qb2 Ra7 37. Nf2 Nf6 38. Qb1 Ra6 39. Nd3 Nd7 40. Nf2 Nf6 41. Rb6 Nd7 42. Rb4 Nf6 43. Qb2 Ra7 44. Rb1 Be8 45. Qb3 Bg6 46. Rb6 Be8 47. Qc3 Bd7 48. hxg4 hxg4 49. Qb4 Bc8 50. Rh1 Ra6 51. Qb1 Rxb6 52. cxb6 Qf7 53. Nd3 Nd7 54. Qg1 Qg8 55. Qh2 Nxb6 56. Ne5 Kf8 57. Qh4 Bd7 1-0

[Event "Turkey Cup 2019"]
[Site "Belek"]
[Date "2019.01.29"]
[Round "4.25"]
[White "Karadeniz, Ali Emre"]
[Black "Lale, Omer Faruk"]
[Result "1/2-1/2"]
[WhiteElo "2257"]
[BlackElo "1829"]
[Annotator "NA"]
[PlyCount "147"]
[EventDate "2019.01.27"]
[EventType "swiss"]
[EventCountry "TUR"]
[SourceTitle "playchess.com"]
[Source "ChessBase"]
[SourceQuality "1"]

1. d4 Nf6 2. c4 e6 3. Nc3 Bb4 4. e3 O-O 5. Nge2 d5 6. a3 Be7 7. cxd5 exd5 8. Nf4 c6 9. Bd3 Nbd7 10. O-O a5 11. Qc2 Re8 12. Bd2 Bd6 13. f3 Bxf4 14. exf4 Qb6 15. Ne2 c5 16. b3 a4 17. Rfb1 axb3 18. Rxb3 Qa7 19. Bb5 cxd4 20. Kf1 Nc5 21. Bxe8 Nxe8 22. Rb5 b6 23. Qd1 Ba6 24. Rb4 Nd6 25. Kg1 d3 26. Nd4 Bc4 27. Be3 Re8 28. Qd2 b5 29. Bf2 Qd7 30. Re1 Ra8 31. Ra1 Ne6 32. Rbb1 Nxd4 33. Bxd4 Nf5 34. Bf2 Re8 35. Re1 Re2 36. Rxe2 dxe2 37. g4 Ne7 38. Kg2 h5 39. h3 Nc6 40. f5 Qe7 41. Re1 hxg4 42. hxg4 Qxa3 43. Rxe2 Bxe2 44. Qxe2 Qa8 45. Qxb5 d4 46. Qd5 Qe8 47. Bxd4 Nxd4 48. Qxd4 f6 49. Qe4 Qd8 50. f4 Qd2+ 51. Kg3 Qd1 52. g5 Qg1+ 53. Qg2 Qe3+ 54. Kg4 fxg5 55. fxg5 Qd4+ 56. Kh5 Qd1+ 57. Kg6 Qd6+ 58. Kh5 Qd1+ 59. Kh4 Qd4+ 60. Kh3 Qd3+ 61. Kg4 Qd4+ 62. Kh5 Qd1+ 63. Kg6 Qd6+ 64. f6 Qd3+ 65. Kh5 Qd1+ 66. Kh4 Qd4+ 67. Kh3 Qc3+ 68. Kg4 gxf6 69. Qd5+ Kg7 70. Qd7+ Kg6 71. Qe8+ Kg7 72. Qd7+ Kg6 73. Qf5+ Kg7 74. Qxf6+ 1/2-1/2

[Event "Turkey Cup 2019"]
[Site "Belek"]
[Date "2019.01.29"]
[Round "4.26"]
[White "Isik, Alparslan"]
[Black "Temel, Burcu Melis"]
[Result "1-0"]
[WhiteElo "2244"]
[BlackElo "1796"]
[Annotator "NA"]
[PlyCount "47"]
[EventDate "2019.01.27"]
[EventType "swiss"]
[EventCountry "TUR"]
[SourceTitle "playchess.com"]
[Source "ChessBase"]
[SourceQuality "1"]

1. d4 Nf6 2. c4 g6 3. Nc3 Bg7 4. e4 d6 5. h3 O-O 6. Bg5 Nbd7 7. Nf3 c5 8. d5 a6 9. a4 Rb8 10. Be2 Ne8 11. O-O Ne5 12. Nxe5 dxe5 13. Be3 Qc7 14. a5 Nd6 15. Qc2 f5 16. f3 f4 17. Bf2 Bd7 18. Rfb1 Rfc8 19. b4 Qd8 20. bxc5 Nf7 21. Rb6 Bf8 22. Rab1 Qc7 23. Qb2 Nd8 24. d6 1-0

[Event "Turkey Cup 2019"]
[Site "Belek"]
[Date "2019.01.29"]
[Round "4.27"]
[White "Nazli, Sertan"]
[Black "Dogan, Nazmi Can"]
[Result "0-1"]
[WhiteElo "1811"]
[BlackElo "2244"]
[Annotator "TA"]
[PlyCount "72"]
[EventDate "2019.01.27"]
[EventType "swiss"]
[EventCountry "TUR"]
[SourceTitle "playchess.com"]
[Source "ChessBase"]
[SourceQuality "1"]

1. e4 c6 2. d4 d5 3. e5 c5 4. dxc5 e6 5. a3 Bxc5 6. b4 Bb6 7. Nf3 Ne7 8. Bb2 a5 9. Bd3 Ng6 10. g3 axb4 11. axb4 Rxa1 12. Bxa1 Qe7 13. Qd2 Na6 14. b5 Nc5 15. O-O Bd7 16. Nc3 O-O 17. Ne2 Nxd3 18. cxd3 f6 19. h4 fxe5 20. Nxe5 Nxe5 21. Bxe5 Bxb5 22. Nf4 g5 23. Rb1 gxf4 24. Rxb5 fxg3 25. Bxg3 Bd4 26. Qe2 Bf6 27. Qe1 Kh8 28. Qb1 Rf7 29. Qa2 Bxh4 30. Qa8+ Kg7 31. Be5+ Kh6 32. Bg3 Bxg3 33. fxg3 Qf6 34. Rb1 Qf2+ 35. Kh1 Rf5 36. Qd8 Rh5+ 0-1

[Event "Turkey Cup 2019"]
[Site "Belek"]
[Date "2019.01.29"]
[Round "4.28"]
[White "Yelligedik, Murat"]
[Black "Turan, Seyithan"]
[Result "1-0"]
[WhiteElo "2055"]
[BlackElo "1746"]
[Annotator "NA"]
[PlyCount "83"]
[EventDate "2019.01.27"]
[EventType "swiss"]
[EventCountry "TUR"]
[SourceTitle "playchess.com"]
[Source "ChessBase"]
[SourceQuality "1"]

1. e4 e5 2. Nf3 Nc6 3. Bc4 Nf6 4. d4 exd4 5. e5 d5 6. Bb5 Ne4 7. Nxd4 Bd7 8. Bxc6 bxc6 9. O-O Be7 10. f3 Nc5 11. f4 O-O 12. f5 Ne4 13. Nc3 Nxc3 14. bxc3 c5 15. Nb3 c6 16. Qf3 Bg5 17. Bxg5 Qxg5 18. Nxc5 Rad8 19. Rae1 Bc8 20. Qf4 Qxf4 21. Rxf4 Rfe8 22. Kf2 g6 23. g4 Re7 24. f6 Ree8 25. Kg3 Be6 26. Ra4 a5 27. Kf4 h6 28. Rxa5 g5+ 29. Kf3 Ra8 30. Rxa8 Rxa8 31. a4 Ra5 32. Nxe6 fxe6 33. Ra1 c5 34. Ke3 Kf7 35. Kd2 Kf8 36. Kc1 Kf7 37. Kb2 Kf8 38. Ka3 Kf7 39. Rb1 c4 40. Rb7+ Kf8 41. Kb4 Ra8 42. a5 1-0

[Event "Turkey Cup 2019"]
[Site "Belek"]
[Date "2019.01.29"]
[Round "4.29"]
[White "Demir, Hilmi Mustafa"]
[Black "Baylav, Can"]
[Result "0-1"]
[WhiteElo "1809"]
[BlackElo "2108"]
[Annotator "NA"]
[PlyCount "124"]
[EventDate "2019.01.27"]
[EventType "swiss"]
[EventCountry "TUR"]
[SourceTitle "playchess.com"]
[Source "ChessBase"]
[SourceQuality "1"]

1. e4 c5 2. Nf3 e6 3. d4 cxd4 4. Nxd4 a6 5. Bd3 Bc5 6. Nb3 Ba7 7. Nc3 Nc6 8. Qe2 Nge7 9. O-O O-O 10. Kh1 Ne5 11. Be3 b5 12. a4 b4 13. Na2 Nxd3 14. Qxd3 a5 15. Bxa7 Rxa7 16. c4 Ba6 17. Nd4 d5 18. Nb5 Bxb5 19. cxb5 dxe4 20. Qxe4 Rd7 21. Rac1 Rd4 22. Qb1 Qd5 23. Rce1 Rd8 24. Nc1 Rd2 25. Ne2 Nf5 26. Ng3 Nxg3+ 27. hxg3 Qb3 28. Qa1 g6 29. Re3 Qxb2 30. Qxb2 Rxb2 31. Rc1 Rxf2 32. b6 Rb8 33. Rc6 Rf5 34. Re1 Kg7 35. g4 Rf4 36. g3 Rxg4 37. Re3 Rd4 38. Kg2 Rb7 39. Kf2 Kf6 40. Ke2 Ke7 41. Re5 Rd6 42. Rc7+ Rxc7 43. bxc7 Rc6 44. Rxa5 Rxc7 45. Rb5 Kd6 46. Rxb4 e5 47. g4 f5 48. gxf5 gxf5 49. Rb6+ Kd5 50. a5 Ra7 51. a6 h5 52. Rb5+ Kd4 53. Rb6 e4 54. Rf6 Ke5 55. Rh6 Kf4 56. Kf2 h4 57. Rf6 h3 58. Rh6 e3+ 59. Ke2 h2 60. Rh4+ Kg3 61. Rh8 Rxa6 62. Kxe3 Rg6 0-1

[Event "Turkey Cup 2019"]
[Site "Belek"]
[Date "2019.01.29"]
[Round "4.30"]
[White "Kisadere, Kutay"]
[Black "Caglar, Ahmet Ata"]
[Result "1/2-1/2"]
[WhiteElo "1809"]
[BlackElo "2093"]
[Annotator "NA"]
[PlyCount "86"]
[EventDate "2019.01.27"]
[EventType "swiss"]
[EventCountry "TUR"]
[SourceTitle "playchess.com"]
[Source "ChessBase"]
[SourceQuality "1"]

1. Nf3 Nf6 2. d4 c5 3. c3 e6 4. g3 b6 5. Bg2 Bb7 6. O-O Be7 7. Bg5 O-O 8. Nbd2 d5 9. a3 Nbd7 10. Re1 h6 11. Bxf6 Nxf6 12. Ne5 Rc8 13. e3 Nd7 14. f4 Nxe5 15. fxe5 f6 16. Qg4 Qd7 17. Bh3 Rc6 18. Bf1 c4 19. exf6 Bxf6 20. e4 Qf7 21. e5 Bxe5 22. Rxe5 Qf2+ 23. Kh1 Qxd2 24. Re2 Qd3 25. Rf2 Qe3 26. Rxf8+ Kxf8 27. Bh3 Qg5 28. Rf1+ Kg8 29. Qf3 Qe7 30. Re1 Bc8 31. Kg2 Rd6 32. Qf4 Rd8 33. Qe5 Re8 34. Bg4 Qf6 35. Qe2 Bd7 36. Rf1 Qe7 37. Qe5 Qg5 38. Qe2 a5 39. h4 Qe7 40. Qe5 b5 41. Bh5 Rf8 42. Rxf8+ Kxf8 43. Qb8+ Be8 1/2-1/2

[Event "Turkey Cup 2019"]
[Site "Belek"]
[Date "2019.01.29"]
[Round "4.31"]
[White "Kirilmaz, Emre"]
[Black "Ertekin, Ramazan"]
[Result "1/2-1/2"]
[WhiteElo "2035"]
[BlackElo "1738"]
[Annotator "NA"]
[PlyCount "58"]
[EventDate "2019.01.27"]
[EventType "swiss"]
[EventCountry "TUR"]
[SourceTitle "playchess.com"]
[Source "ChessBase"]
[SourceQuality "1"]

1. d4 d5 2. Nf3 Nf6 3. Bg5 e6 4. Nbd2 Nbd7 5. e3 Bd6 6. Bd3 c5 7. c3 Qc7 8. Bh4 b6 9. Qa4 O-O 10. Bg3 c4 11. Bb1 b5 12. Qd1 Bb7 13. Qe2 a5 14. e4 dxe4 15. Ng5 e5 16. Ndxe4 Rfe8 17. O-O Nxe4 18. Bxe4 h6 19. Nxf7 Kxf7 20. Qf3+ Nf6 21. Bxb7 e4 22. Bd5+ Kg6 23. Qe2 Nxd5 24. Qg4+ Kf6 25. Qh4+ Kf7 26. Qh5+ Ke6 27. Qg4+ Kf6 28. Qh4+ Kg6 29. Qg4+ Kf6 1/2-1/2

[Event "Turkey Cup 2019"]
[Site "Belek"]
[Date "2019.01.29"]
[Round "4.32"]
[White "Usluoglu, Servet"]
[Black "Ozsakallioglu, Okan"]
[Result "0-1"]
[WhiteElo "1783"]
[BlackElo "2051"]
[Annotator "NA"]
[PlyCount "50"]
[EventDate "2019.01.27"]
[EventType "swiss"]
[EventCountry "TUR"]
[SourceTitle "playchess.com"]
[Source "ChessBase"]
[SourceQuality "1"]

1. e4 c5 2. Nc3 e6 3. d3 Nf6 4. f4 d5 5. e5 Nfd7 6. Nf3 Nc6 7. Be2 Ne7 8. d4 Nf5 9. g4 Nxd4 10. Nxd4 Qh4+ 11. Kf1 Qh3+ 12. Kf2 cxd4 13. Nb5 Bc5 14. Nxd4 O-O 15. Be3 f6 16. exf6 Nxf6 17. Bf3 e5 18. Nf5 d4 19. fxe5 dxe3+ 20. Ke2 Bxf5 21. gxf5 Rad8 22. exf6 Rxd1 23. Raxd1 Qxf5 24. Rd3 Qxf6 25. Rf1 Kh8 0-1

[Event "Turkey Cup 2019"]
[Site "Belek"]
[Date "2019.01.29"]
[Round "4.33"]
[White "Baltaci, Ismail Tarik"]
[Black "Basaran, Alp"]
[Result "0-1"]
[WhiteElo "2014"]
[BlackElo "1723"]
[Annotator "NA"]
[PlyCount "80"]
[EventDate "2019.01.27"]
[EventType "swiss"]
[EventCountry "TUR"]
[SourceTitle "playchess.com"]
[Source "ChessBase"]
[SourceQuality "1"]

1. e4 c5 2. Nf3 d6 3. Bb5+ Bd7 4. Bxd7+ Qxd7 5. O-O Nc6 6. c3 Nf6 7. d4 cxd4 8. cxd4 d5 9. e5 Ng8 10. Nc3 e6 11. Bg5 Nge7 12. Rc1 h6 13. Bf4 Ng6 14. Bg3 Nge7 15. Bf4 Ng6 16. Be3 Na5 17. h4 h5 18. Qe2 a6 19. g3 Ne7 20. Bg5 Nf5 21. Rfd1 Bb4 22. Rd3 Rc8 23. Kg2 Bxc3 24. Rdxc3 Rxc3 25. Rxc3 Nc6 26. Qd1 O-O 27. Rd3 Rc8 28. Nh2 Nb4 29. Rd2 Qb5 30. a4 Qc4 31. Qxh5 Nxd4 32. Ng4 Nf5 33. Kh2 Qe4 34. f3 Qe1 35. Rg2 Rc2 36. Rxc2 Qxg3+ 37. Kh1 Nxc2 38. Nf6+ gxf6 39. Bxf6 Qe1+ 40. Kh2 Qf2+ 0-1

[Event "Turkey Cup 2019"]
[Site "Belek"]
[Date "2019.01.29"]
[Round "4.34"]
[White "Uysal, Ilyas"]
[Black "Yasin, Hur"]
[Result "0-1"]
[WhiteElo "1718"]
[BlackElo "2004"]
[Annotator "NA"]
[PlyCount "112"]
[EventDate "2019.01.27"]
[EventType "swiss"]
[EventCountry "TUR"]
[SourceTitle "playchess.com"]
[Source "ChessBase"]
[SourceQuality "1"]

1. e4 e6 2. d3 d5 3. Nd2 Nf6 4. Ngf3 Nc6 5. g3 Bc5 6. Bg2 dxe4 7. dxe4 e5 8. O-O O-O 9. Qe2 Qe7 10. c3 a5 11. Nb3 Bd6 12. a4 b6 13. Rd1 Ba6 14. Qc2 Rfd8 15. Bf1 Bxf1 16. Kxf1 Qe6 17. Kg2 Ne7 18. h3 Nxe4 19. Qxe4 Qxb3 20. Re1 f5 21. Qh4 Qd5 22. Bg5 Ng6 23. Qh5 Rf8 24. Rad1 Qf7 25. Kg1 e4 26. Nd4 Rae8 27. Re2 Kh8 28. Kf1 Qc4 29. b3 Qf7 30. Be3 f4 31. gxf4 Bxf4 32. Ke1 Bxe3 33. fxe3 c5 34. Nb5 Qf1+ 35. Kd2 Rd8+ 36. Nd4 Qf7 37. Kc2 cxd4 38. cxd4 Qc7+ 39. Kb2 Ne5 40. Rc2 Qd6 41. Rg2 Nd3+ 42. Ka2 Qc7 43. Qg4 Nf2 44. Rc1 Qe7 45. Qg3 Nd3 46. Rc7 Rd7 47. Rc4 Qf6 48. h4 Qf1 49. d5 Rdf7 50. Ka3 Nb4 51. Rg1 Qe2 52. Rg2 Qd1 53. Qe5 Qxd5 54. Qc3 Qd6 55. Rd4 Nc2+ 56. Kb2 Nxd4 0-1

[Event "Turkey Cup 2019"]
[Site "Belek"]
[Date "2019.01.29"]
[Round "4.35"]
[White "Ozcan, Kadir Kutay"]
[Black "Kocyigit, Buse Naz"]
[Result "1-0"]
[WhiteElo "1794"]
[BlackElo "2043"]
[Annotator "NA"]
[PlyCount "114"]
[EventDate "2019.01.27"]
[EventType "swiss"]
[EventCountry "TUR"]
[SourceTitle "playchess.com"]
[Source "ChessBase"]
[SourceQuality "1"]

1. e4 c5 2. Nf3 d6 3. d4 cxd4 4. Nxd4 Nf6 5. Nc3 a6 6. Be2 e5 7. Nf3 Be7 8. Bg5 Nbd7 9. O-O O-O 10. a4 b6 11. Nd2 Bb7 12. Be3 d5 13. exd5 Nxd5 14. Nxd5 Bxd5 15. Nc4 Be6 16. a5 b5 17. Nb6 Nxb6 18. axb6 Bd5 19. b3 f5 20. c4 f4 21. Qxd5+ Qxd5 22. cxd5 fxe3 23. fxe3 Bc5 24. Rxf8+ Kxf8 25. Kf2 Ke7 26. b7 Rf8+ 27. Ke1 a5 28. Bxb5 Kd6 29. Bc6 Bxe3 30. Rxa5 Bc5 31. Ra8 Kc7 32. Ke2 Bd6 33. Kd3 Rb8 34. Ke4 Kd8 35. Ra1 Ke7 36. Rf1 Rf8 37. Rxf8 Kxf8 38. b4 Ke7 39. b5 Kf6 40. b6 Ke7 41. h3 Bb8 42. Kd3 Kf6 43. Bd7 Ke7 44. Bf5 h6 45. Kc4 Kd6 46. g4 Ke7 47. Kc5 Bd6+ 48. Kc6 Bb8 49. Be4 Kd8 50. d6 Ke8 51. Kd5 Kd8 52. Bf5 Ke8 53. Kxe5 Kf7 54. Kd5 Ke8 55. Ke6 Kd8 56. Bg6 h5 57. Bxh5 g5 1-0

[Event "Turkey Cup 2019"]
[Site "Belek"]
[Date "2019.01.29"]
[Round "4.36"]
[White "Dogdu, Mehmet"]
[Black "Hatirli, Ugur Can"]
[Result "1-0"]
[WhiteElo "1940"]
[BlackElo "1713"]
[Annotator "NA"]
[PlyCount "105"]
[EventDate "2019.01.27"]
[EventType "swiss"]
[EventCountry "TUR"]
[SourceTitle "playchess.com"]
[Source "ChessBase"]
[SourceQuality "1"]

1. g3 d5 2. Bg2 c6 3. Nf3 Bf5 4. O-O e6 5. d3 Nf6 6. Nh4 Bg4 7. h3 Bh5 8. Qe1 Be7 9. e4 O-O 10. Nc3 d4 11. Ne2 Bxe2 12. Qxe2 Nfd7 13. Nf3 c5 14. Ne1 e5 15. f4 exf4 16. gxf4 Nc6 17. Nf3 Rc8 18. c4 a6 19. Bd2 b5 20. b3 Rb8 21. Be1 Nb6 22. Rd1 bxc4 23. dxc4 Qc7 24. Bg3 Rfe8 25. Ne1 Bf8 26. Nd3 a5 27. Qg4 Nb4 28. f5 Bd6 29. f6 g6 30. Qg5 Nxd3 31. Qh6 Bf8 32. Qxf8+ Kxf8 33. Bxc7 Ne5 34. Bd6+ Kg8 35. Bxc5 d3 36. Bd6 Rbd8 37. Bc7 Nbd7 38. Bxd8 Rxd8 39. Rd2 Nc5 40. Rc1 Rd6 41. Kf2 Rxf6+ 42. Ke3 Rd6 43. Rc3 Kg7 44. Bf1 Rf6 45. Bxd3 Rf3+ 46. Kd4 Nexd3 47. Rcxd3 Nxd3 48. Rxd3 Rxd3+ 49. Kxd3 Kf6 50. a3 Ke5 51. c5 f5 52. exf5 gxf5 53. b4 1-0

[Event "Turkey Cup 2019"]
[Site "Belek"]
[Date "2019.01.29"]
[Round "4.37"]
[White "Ozcan, Berk"]
[Black "Cilek, Bora"]
[Result "1/2-1/2"]
[WhiteElo "1709"]
[BlackElo "1907"]
[Annotator "NA"]
[PlyCount "64"]
[EventDate "2019.01.27"]
[EventType "swiss"]
[EventCountry "TUR"]
[SourceTitle "playchess.com"]
[Source "ChessBase"]
[SourceQuality "1"]

1. e4 c5 2. Nf3 d6 3. d4 cxd4 4. Nxd4 Nf6 5. Nc3 g6 6. Be3 Bg7 7. f3 O-O 8. Qd2 Nc6 9. O-O-O d5 10. Qe1 e5 11. Nxc6 bxc6 12. exd5 cxd5 13. Bg5 Be6 14. Bc4 Qc7 15. Bxf6 dxc4 16. Bxg7 Kxg7 17. Nd5 Bxd5 18. Rxd5 Rfe8 19. Qc3 Kg8 20. Qa5 Qxa5 21. Rxa5 e4 22. fxe4 Rxe4 23. Rd1 h5 24. c3 h4 25. h3 Re2 26. Rd2 Rxd2 27. Kxd2 Rb8 28. Kc2 Re8 29. Kd2 Rd8+ 30. Kc2 Re8 31. Kd2 Rd8+ 32. Kc2 Re8 1/2-1/2

[Event "Turkey Cup 2019"]
[Site "Belek"]
[Date "2019.01.29"]
[Round "4.38"]
[White "Aslanhan, Halis"]
[Black "Aydin, Ismail"]
[Result "0-1"]
[WhiteElo "1779"]
[BlackElo "1950"]
[Annotator "NA"]
[PlyCount "104"]
[EventDate "2019.01.27"]
[EventType "swiss"]
[EventCountry "TUR"]
[SourceTitle "playchess.com"]
[Source "ChessBase"]
[SourceQuality "1"]

1. e4 e6 2. d4 d5 3. Nc3 Nf6 4. Bg5 Be7 5. e5 Nfd7 6. h4 a6 7. Qg4 f6 8. exf6 Nxf6 9. Bxf6 Bxf6 10. Bd3 O-O 11. Nf3 e5 12. Bxh7+ Kxh7 13. Qh5+ Kg8 14. Ng5 Bf5 15. g4 Qe8 16. Qxe8 Rxe8 17. gxf5 exd4+ 18. Ne2 Nc6 19. Ne6 Rac8 20. O-O-O Kf7 21. N2xd4 Nxd4 22. Nxd4 Re5 23. f4 Re3 24. Ne6 c6 25. h5 Rh8 26. Rdg1 Re2 27. Rg3 a5 28. a4 b5 29. Rb3 b4 30. Rd3 Rg2 31. b3 Rg4 32. Rdh3 Bc3 33. Rh4 Rg2 34. Nc5 Kf6 35. Nb7 Re8 36. Kb1 Ree2 37. Rc1 Bd2 38. Rhh1 Bxc1 39. Rxc1 d4 40. Rd1 Rxc2 41. Rxd4 Rb2+ 42. Ka1 Ra2+ 43. Kb1 Rgb2+ 44. Kc1 Rh2 45. Kb1 Raf2 46. Rc4 Rf1+ 47. Rc1 Rxc1+ 48. Kxc1 Rxh5 49. Nxa5 Rxf5 50. Nc4 Rxf4 51. a5 Ke6 52. Kd2 Rxc4 0-1

[Event "Turkey Cup 2019"]
[Site "Belek"]
[Date "2019.01.29"]
[Round "4.39"]
[White "Albayrak, Kerem"]
[Black "Ceylan, Sezer"]
[Result "0-1"]
[WhiteElo "1949"]
[BlackElo "1689"]
[Annotator "NA RC"]
[PlyCount "62"]
[EventDate "2019.01.27"]
[EventType "swiss"]
[EventCountry "TUR"]
[SourceTitle "playchess.com"]
[Source "ChessBase"]
[SourceQuality "1"]

1. d4 d5 2. Nf3 Nf6 3. c4 c6 4. Nc3 e6 5. Qd3 Nbd7 6. e4 dxe4 7. Nxe4 Nxe4 8. Qxe4 Nf6 9. Qd3 Qc7 10. Bd2 Bd7 11. Bc3 Be7 12. Be2 O-O 13. O-O Rad8 14. Rad1 Bc8 15. Ng5 h6 16. Ne4 b6 17. Rfe1 Bb7 18. Bf3 Rd7 19. Qe3 Nxe4 20. Qxe4 Rfd8 21. Qg4 Bf8 22. Re3 c5 23. d5 exd5 24. Be5 Qc8 25. Rde1 d4 26. Rd3 Bxf3 27. Rxf3 Re7 28. Qf4 f6 29. Rh3 Rxe5 30. Rd1 Qe6 31. Re3 dxe3 0-1

[Event "Turkey Cup 2019"]
[Site "Belek"]
[Date "2019.01.29"]
[Round "4.40"]
[White "Bilgin, Murat Evrensel"]
[Black "Kiraz, Yigit"]
[Result "0-1"]
[WhiteElo "1898"]
[BlackElo "1673"]
[Annotator "NA"]
[PlyCount "70"]
[EventDate "2019.01.27"]
[EventType "swiss"]
[EventCountry "TUR"]
[SourceTitle "playchess.com"]
[Source "ChessBase"]
[SourceQuality "1"]

1. f4 d5 2. Nf3 g6 3. g3 Bg7 4. Bg2 Nf6 5. O-O O-O 6. d3 c5 7. Qe1 d4 8. e4 dxe3 9. Qxe3 Ng4 10. Qe2 Nc6 11. Kh1 Nh6 12. Nbd2 Nf5 13. c3 h5 14. Ne4 b6 15. Be3 Ba6 16. Rad1 Qc7 17. Rfe1 Rad8 18. Bf2 Rfe8 19. Qc2 e5 20. fxe5 Nxe5 21. Nxe5 Rxe5 22. c4 Bb7 23. Nc3 Bxg2+ 24. Kxg2 Rde8 25. Nd5 Qc6 26. Kg1 Rxe1+ 27. Rxe1 Rxe1+ 28. Bxe1 Qe6 29. Bf2 Nd4 30. Qd1 h4 31. gxh4 Qh3 32. Bg3 Nf5 33. Nf4 Bd4+ 34. Bf2 Bxf2+ 35. Kxf2 Qe3+ 0-1

[Event "Turkey Cup 2019"]
[Site "Belek"]
[Date "2019.01.29"]
[Round "4.41"]
[White "Celik, Cem Akin"]
[Black "Makaraci, Tunahan"]
[Result "0-1"]
[WhiteElo "1637"]
[BlackElo "1915"]
[Annotator "NA"]
[PlyCount "102"]
[EventDate "2019.01.27"]
[EventType "swiss"]
[EventCountry "TUR"]
[SourceTitle "playchess.com"]
[Source "ChessBase"]
[SourceQuality "1"]

1. f4 d5 2. Nf3 g6 3. g3 Bg7 4. Bg2 c6 5. e4 dxe4 6. Ng5 f5 7. d3 h6 8. Nh3 exd3 9. cxd3 Nf6 10. Nc3 O-O 11. Nf2 e6 12. O-O Nd5 13. d4 Qb6 14. Ne2 Nd7 15. b3 N7f6 16. Qd3 Bd7 17. Ba3 Rf7 18. Kh1 Qa5 19. Bd6 Rd8 20. Rfc1 Be8 21. Be5 Bf8 22. Rc4 Nd7 23. Ra4 Qb6 24. Rc4 Nxe5 25. fxe5 c5 26. a4 a5 27. g4 cxd4 28. gxf5 Nb4 29. Qg3 exf5 30. Nf4 Rg7 31. Rd1 g5 32. Rxb4 axb4 33. Nd5 Qe6 34. Rxd4 Kh8 35. Nc7 Qc8 36. Rxd8 Qxd8 37. Ne6 Qc8 38. Bd5 Bf7 39. Qh3 Rg6 40. Qxf5 Bxe6 41. Bxe6 Rxe6 42. Ne4 Be7 43. Qh3 Qc1+ 44. Kg2 Qb2+ 45. Nf2 Qxe5 46. Qf3 Qc3 47. Qf7 Qc6+ 48. Kf1 Bc5 49. h4 Rf6 50. Qh5 Rxf2+ 51. Ke1 Qh1# 0-1